[Event "Frankfurt-chB"]
[Site "Frankfurt"]
[Date "2019.05.20"]
[Round "4"]
[White "Hartwig, Horst"]
[Black "Rosen, Thomas"]
[Result "0-1"]
[WhiteElo "1080"]
[BlackElo "1257"]
[PlyCount "98"]
[EventDate "2019.04.29"]
[EventType "swiss"]
[EventRounds "7"]
[EventCountry "GER"]
[SourceTitle "EXT 2020"]
[Source "ChessBase"]
[SourceDate "2019.10.17"]
[SourceVersion "1"]
[SourceVersionDate "2019.10.17"]
[SourceQuality "1"]

1. e4 e5 2. Nf3 Nc6 3. Bb5 a6 4. Ba4 Nf6 5. d3 b5 6. Bb3 Be7 7. Ng5 0-0 8. c3 h6 9. Nf3 d5 10. exd5 Nxd5 11. h3 Be6 12. Qe2 Nf4 13. Bxf4 Bxb3 14. axb3 exf4 15. 0-0 Re8 16. Qd2 Bf6 17. d4 Qd6 18. Qd3 Ne5 19. Nxe5 Bxe5 20. Qf3 Bf6 21. Nd2 Qe6 22. Kh2 Bh4 23. Rae1 Qd7 24. Ne4 Be7 25. Rd1 a5 26. Kg1 Qf5 27. Kh2 Rac8 28. g3 fxg3+ 29. fxg3 Qxf3 30. Rxf3 Bf8 31. Re3 f5 32. Nf6+ gxf6 33. Rf3 Re2+ 34. Kg1 Rxb2 35. Rxf5 Rxb3 36. Rd3 Kg7 37. Kg2 a4 38. Rf1 a3 39. Kf3 Ra8 40. Ra1 b4 41. Ke4 a2 42. Rd2 Rba3 43. c4 b3 44. c5 Rb8 45. Rb2 c6 46. Kd3 Kg6 47. Ke4 Bg7 48. Kf4 f5 49. Ke3 Rb4 0-1

[Event "Frankfurt-chB"]
[Site "Frankfurt"]
[Date "2019.04.30"]
[Round "1"]
[White "Rosen, Thomas"]
[Black "Engelhardt, Michael"]
[Result "0-1"]
[WhiteElo "1257"]
[BlackElo "1467"]
[PlyCount "90"]
[EventDate "2019.04.29"]
[EventType "swiss"]
[EventRounds "7"]
[EventCountry "GER"]
[SourceTitle "EXT 2020"]
[Source "ChessBase"]
[SourceDate "2019.10.17"]
[SourceVersion "1"]
[SourceVersionDate "2019.10.17"]
[SourceQuality "1"]

1. d4 Nf6 2. Nf3 Ne4 3. Nc3 d5 4. Bf4 Nxc3 5. bxc3 Bf5 6. e3 e6 7. Be2 Bd6 8. Bg5 f6 9. Bh4 Nd7 10. Bg3 Bxg3 11. hxg3 Qe7 12. Nh4 0-0-0 13. Nxf5 exf5 14. c4 dxc4 15. c3 Nb6 16. Rb1 h5 17. a4 Nd5 18. Qd2 Qa3 19. 0-0 Qxc3 20. Qxc3 Nxc3 21. Rb2 Nxe2+ 22. Rxe2 Rd6 23. Rc2 h4 24. gxh4 Rxh4 25. Rxc4 Rd8 26. g3 Rh5 27. Rfc1 c6 28. Kf1 Rh1+ 29. Kg2 Rxc1 30. Rxc1 Kc7 31. Rc5 Rd5 32. Kf3 Rxc5 33. dxc5 Kd7 34. e4 Ke6 35. Ke3 b6 36. Kd4 fxe4 37. cxb6 axb6 38. Kxe4 c5 39. f4 f5+ 40. Ke3 Kd5 41. Kd3 g6 42. Kc3 c4 43. Kd2 Kd4 44. Kc2 c3 45. Kd1 Kd3 0-1

[Event "Wiesbaden op 30th"]
[Site "Wiesbaden"]
[Date "2018.08.23"]
[Round "1"]
[White "Lagaras, Stylianos"]
[Black "Rosen, Thomas"]
[Result "1-0"]
[WhiteElo "1934"]
[BlackElo "1235"]
[PlyCount "45"]
[EventDate "2018.08.23"]
[EventType "swiss"]
[EventRounds "7"]
[EventCountry "GER"]
[SourceTitle "CBM 186 Extra"]
[Source "ChessBase"]
[SourceDate "2018.08.24"]
[SourceVersion "1"]
[SourceVersionDate "2018.08.24"]
[SourceQuality "1"]

1. d4 d6 2. e4 Nf6 3. Nc3 g6 4. Be3 Bg7 5. Qd2 Nbd7 6. 0-0-0 c6 7. f3 b5 8. Bh6 0-0 9. h4 b4 10. Nce2 Qa5 11. Kb1 Nb6 12. Nc1 Ba6 13. Bxa6 Qxa6 14. b3 e5 15. Nge2 exd4 16. h5 Qb5 17. hxg6 hxg6 18. Nxd4 Qe5 19. Nxc6 Qe8 20. Qxd6 Rc8 21. Ne7+ Kh8 22. Bxg7+ Kxg7 23. Nxc8 1-0